[Event "New Delhi Parsvnath op 8th"]
[Site "New Delhi"]
[Date "2010.01.21"]
[Round "10"]
[White "Priyadharshan, Kannappan"]
[Black "Baig, Akram"]
[Result "1-0"]
[WhiteElo "2362"]
[BlackElo "1890"]
[PlyCount "113"]
[EventDate "2010.01.14"]
[EventType "swiss"]
[EventRounds "11"]
[EventCountry "IND"]
[SourceTitle "CBM 134 Extra"]
[Source "ChessBase"]
[SourceDate "2010.03.03"]
[SourceVersion "1"]
[SourceVersionDate "2010.03.03"]
[SourceQuality "1"]

1. d4 e6 2. Nf3 Nf6 3. e3 d5 4. b3 Nbd7 5. Bb2 b6 6. Bd3 Bb7 7. 0-0 Bd6 8. Ne5 c5 9. Nd2 Qc7 10. f4 h6 11. a4 a6 12. Rf3 c4 13. bxc4 dxc4 14. Ndxc4 Bxf3 15. Qxf3 Rc8 16. Nxd6+ Qxd6 17. Qg3 g5 18. fxg5 hxg5 19. Ba3 Qc7 20. Rf1 Qc3 21. Nxd7 Nxd7 22. Qd6 Rc5 23. dxc5 Qxa3 24. Qc6 Qc3 25. Qf3 Qe5 26. h3 bxc5 27. Bxa6 f5 28. Bb5 Ke7 29. Rd1 Nf8 30. a5 c4 31. a6 Qxb5 32. a7 Ng6 33. a8Q Rxa8 34. Qxa8 Qb6 35. Qa3+ Kf6 36. Qc3+ Ne5 37. Qd4 Qc7 38. Qd8+ Qxd8 39. Rxd8 Nf7 40. Rd4 Ne5 41. Kf2 Ke7 42. Ke2 Kf6 43. Rd8 Nf7 44. Rd4 Ne5 45. Kd2 g4 46. h4 g3 47. Rf4 Kg6 48. e4 Kf6 49. Ke3 Kg6 50. exf5+ exf5 51. Kd4 Kf6 52. Kd5 Ng6 53. Rxc4 f4 54. Rc6+ Kf5 55. Rxg6 Kxg6 56. Ke4 f3 57. Kxf3 1-0